|
|
|
|
| LEADER |
00000cam a2200000 7i4500 |
| 001 |
0000001998 |
| 002 |
000002178 |
| 005 |
20000330.0 |
| 020 |
|
|
|a 0866562028
|
| 090 |
0 |
0 |
|a 025.52
|b VID
|
| 245 |
0 |
0 |
|a Video to online :
|b reference services and the ne w technology
|c edited by Bill Katz and Ruth A.Fraley
|
| 260 |
|
|
|a New York he Haworth Press ,
|c 1983
|
| 300 |
|
|
|a 205p. ;
|c 22cm.
|
| 650 |
0 |
0 |
|a Libraries and television
|
| 650 |
0 |
0 |
|a On-line bibliographic searching
|x Addresses, essays, lecturers
|
| 650 |
0 |
0 |
|a Reference services (Libraries)
|x Addresses, essays, lectures
|
| 700 |
0 |
|
|a Kathz, William A. ,
|d 1924-
|
| 700 |
1 |
|
|a Fraley, Ruth A
|
| 999 |
|
|
|a 033755
|b BUKU
|c RUJUKAN
|e PERPUSTAKAAN KOMUNITI PETALING JAYA
|